000 004180000a22001690004500
003 MACL
005 20160112140812.0
008 160112b xxu||||| |||| 00| 0 eng d
040 _aMACL
_cMACL
041 _aEnglish
082 _a923.2/VAS
100 _aVasudev, Uma
_915371
245 _aIndira Gandhi
260 _bVikash Publishing House
_c1974
_aDelhi
650 _aBiography
_931361
942 _cBK
_k923.2/Vas
_2ddc
999 _c35823
_d35823